Mechanizmus vysporiadania nedobytných pohľadávok bánk v SR

Salvato in:
Dettagli Bibliografici
Autore principale: Klimiková, Mária
Natura: Capitolo di libro
Lingua:slovacco
Tags: Aggiungi Tag
Nessun Tag, puoi essere il primo ad aggiungerne!!

MARC

LEADER 00000naa$a2200000$$$4500
001 0061520
005 20240502071706.9
041 0 |a slo 
044 |a SK 
245 1 0 |a Mechanizmus vysporiadania nedobytných pohľadávok bánk v SR  |c Mária Klimiková 
100 1 |a Klimiková, Mária